| 000 | 00531cam a2200205 4500 | ||
|---|---|---|---|
| 008 | 020917n2002 000 0 eng u | ||
| 020 | _a1860815448 | ||
| 035 | _a(Sirsi) u119711 | ||
| 050 | _a691 | ||
| 100 | _aBeasley, J. | ||
| 245 | _aSelecting building sealants with ISO 11600 | ||
| 260 |
_aLondon _bCRC _c2002 |
||
| 300 |
_a4p. _bill. _c30cm. |
||
| 490 |
_aBRE Digest _v463 |
||
| 650 | _aBUILDING SEALANTS | ||
| 650 | _aISO 11600 | ||
| 650 | _aSEALANTS | ||
| 690 | _aBUILT ENVIRONMENT-BUILDING MATERIALS | ||
| 942 | _n0 | ||
| 999 |
_c102366 _d102366 |
||